Computational Methods and GIS Applications in Social Science - Lab Manual / (Record no. 616288)

000 -LEADER
fixed length control field 00544nam a22001817a 4500
003 - CONTROL NUMBER IDENTIFIER
control field NUST
005 - DATE AND TIME OF LATEST TRANSACTION
control field 20260217161318.0
008 - FIXED-LENGTH DATA ELEMENTS--GENERAL INFORMATION
fixed length control field 260217b ||||| |||| 00| 0 eng d
020 ## - INTERNATIONAL STANDARD BOOK NUMBER
International Standard Book Number 978-1000970548
082 ## - DEWEY DECIMAL CLASSIFICATION NUMBER
Classification number 910.285
Author Mark LIN
100 ## - MAIN ENTRY--PERSONAL NAME
Personal name Lingbo Liu, Fahui Wang.
9 (RLIN) 133313
245 ## - TITLE STATEMENT
Title Computational Methods and GIS Applications in Social Science - Lab Manual /
Statement of responsibility, etc. Lingbo Liu, Fahui Wang.
250 ## - EDITION STATEMENT
Edition statement 1st Edition.
260 ## - PUBLICATION, DISTRIBUTION, ETC.
Place of publication, distribution, etc. Oxon:
Name of publisher, distributor, etc. CRC Press,
Date of publication, distribution, etc. 2023.
300 ## - PHYSICAL DESCRIPTION
Extent xviii, 261 p ;
Dimensions 36.00 cm
563 ## - BINDING INFORMATION
Binding note Hardcover
942 ## - ADDED ENTRY ELEMENTS (KOHA)
Source of classification or shelving scheme
Koha item type Book
Holdings
Withdrawn status Lost status Source of classification or shelving scheme Damaged status Not for loan Permanent Location Current Location Date acquired Total Checkouts Full call number Barcode Date last seen Price effective from Koha item type
          Institute of Geographical Information Systems (IGIS) Institute of Geographical Information Systems (IGIS) 02/17/2026   910.285 LIN IGIS-124 02/17/2026 02/17/2026 Book
© 2023 Central Library, National University of Sciences and Technology. All Rights Reserved.